[Event "IX Festival Ducale A"]
[Site "Genova ITA"]
[Date "2001.11.22"]
[Round "5"]
[White "Zemerov, Vladimir"]
[Black "Efimov, Igor"]
[Result "1-0"]
[WhiteElo "2316"]
[BlackElo "2467"]
[PlyCount "71"]
[EventDate "2001.11.19"]

1. e4 c5 2. Nc3 a6 3. Nf3 b5 4. d4 cxd4 5. Nxd4 e6 6. Bd3 Qb6 7. Nb3 Qc7 8. O-O
Nf6 9. Qe2 Bb7 10. a3 d6 11. Bd2 Nbd7 12. f4 Be7 13. Rae1 e5 14. Kh1 Rc8 15. a4
b4 16. Nd5 Nxd5 17. exd5 Bxd5 18. Bxb4 O-O 19. Bxh7+ Kxh7 20. Qd3+ Kg8 21. Qxd5
Qxc2 22. fxe5 Qxb2 23. exd6 Bf6 24. Nc5 Nb6 25. Qe4 Qd4 26. Rd1 Qxe4 27. Nxe4
Rc4 28. Nxf6+ gxf6 29. d7 Nxd7 30. Bxf8 Nxf8 31. Rd6 Ne6 32. Rxa6 Kg7 33. Ra1
Rc2 34. a5 Nf4 35. Rb6 Nd5 36. Rb7 1-0

[Event "IX Festival Ducale A"]
[Site "Genova ITA"]
[Date "2001.11.23"]
[Round "6"]
[White "De Santis, Alessio"]
[Black "Scalcione, Michelangelo"]
[Result "0-1"]
[WhiteElo "2345"]
[BlackElo "2292"]
[PlyCount "74"]
[EventDate "2001.11.19"]

1. d4 Nf6 2. c4 g6 3. Nc3 Bg7 4. e4 d6 5. Be2 O-O 6. Bg5 a6 7. a4 Nbd7 8. Nf3
e5 9. dxe5 dxe5 10. a5 h6 11. Bh4 g5 12. Bg3 Nh5 13. Nd2 Nf4 14. O-O Nc5 15. b4
Nce6 16. c5 Nd4 17. Bc4 Be6 18. Ra3 Qd7 19. Bxe6 fxe6 20. Nc4 Rad8 21. Ne3 Qf7
22. Qb1 h5 23. f3 Bh6 24. Nc4 Qg7 25. Ra2 g4 26. fxg4 Qxg4 27. Qe1 Bg7 28. Ne3
Qg6 29. Raf2 Qg5 30. Kh1 Rd7 31. Qb1 Rdf7 32. Qd1 h4 33. Bxh4 Qxh4 34. g3 Qh3
35. Ng4 Nfe2 36. Rxf7 Rxf7 37. Rxf7 Kxf7 0-1

[Event "IX Festival Ducale A"]
[Site "Genova ITA"]
[Date "2001.11.23"]
[Round "6"]
[White "Dergatchov, Alexander"]
[Black "Di Paolo, Raffaele"]
[Result "0-1"]
[WhiteElo "2083"]
[BlackElo "2326"]
[PlyCount "124"]
[EventDate "2001.11.19"]

1. Nf3 d6 2. g3 g6 3. Bg2 Bg7 4. c3 Nf6 5. d3 O-O 6. Bg5 h6 7. Bd2 e5 8. Qc1
Kh7 9. Na3 Nbd7 10. O-O e4 11. dxe4 Nxe4 12. Be3 Ndf6 13. Nc4 Re8 14. Qc2 Bf5
15. Nd4 Nxg3 16. Nxf5 Nxf5 17. Bxb7 Nh4 18. Bf4 Rb8 19. Bc6 Qc8 20. Bg3 Qh3 21.
Ne3 d5 22. Bxh4 Qxh4 23. Ng2 Qh3 24. f3 Re5 25. e4 dxe4 26. Bxe4 Rd8 27. Rae1
Rg5 28. Rf2 Bf8 29. b4 Bd6 30. f4 Rh5 31. Ne3 Re8 32. Nf1 Nxe4 33. Rxe4 Rxe4
34. Qxe4 Qxc3 35. f5 Rg5+ 36. Kh1 gxf5 37. Rxf5 Rxf5 38. Qxf5+ Kg7 39. Qg4+ Kf8
40. b5 Qd3 41. Ng3 Bxg3 42. hxg3 Qb1+ 43. Kg2 Qxa2+ 44. Kh1 Qd5+ 45. Kg1 Qxb5
46. Qc8+ Kg7 47. Qg4+ Qg5 48. Qd4+ Qf6 49. Qg4+ Kh7 50. Qe4+ Qg6 51. Qe5 c5 52.
Kh1 c4 53. Qd4 Qc6+ 54. Kh2 a5 55. Qa7 Qd5 56. Qf2 Kg8 57. Qe3 h5 58. Qe2 c3
59. Qe8+ Kg7 60. g4 c2 61. Qe3 Qd6+ 62. Kg2 Qc6+ 0-1

[Event "IX Festival Ducale A"]
[Site "Genova ITA"]
[Date "2001.11.23"]
[Round "6"]
[White "Naumkin, Igor"]
[Black "Mrdja, Milan"]
[Result "1-0"]
[WhiteElo "2414"]
[BlackElo "2380"]
[PlyCount "65"]
[EventDate "2001.11.19"]

1. d4 f5 2. g3 Nf6 3. Bg2 g6 4. c4 Bg7 5. Nc3 O-O 6. Nh3 d6 7. d5 Na6 8. O-O
Nc5 9. Nf4 Bd7 10. Be3 Qc8 11. Bd4 e5 12. dxe6 Nxe6 13. Nxe6 Bxe6 14. Nd5 Rf7
15. Rc1 Bxd5 16. cxd5 Re7 17. e3 a5 18. b3 Qf8 19. Rc4 Ng4 20. Bxg7 Qxg7 21. h3
Ne5 22. Rc2 Rd8 23. Qd2 b6 24. Rfc1 Rdd7 25. Rc3 Nf7 26. Qc2 Ng5 27. Rc4 h5 28.
h4 Nh7 29. e4 f4 30. Bh3 fxg3 31. fxg3 Qe5 32. Bxd7 Rxd7 33. Qc3 1-0

[Event "IX Festival Ducale A"]
[Site "Genova ITA"]
[Date "2001.11.23"]
[Round "6"]
[White "Paragua, Mark"]
[Black "Zemerov, Vladimir"]
[Result "1-0"]
[WhiteElo "2447"]
[BlackElo "2316"]
[PlyCount "57"]
[EventDate "2001.11.19"]

1. e4 c5 2. Nf3 d6 3. d4 cxd4 4. Nxd4 a6 5. Nc3 e6 6. Be3 Nd7 7. f3 b5 8. a4
bxa4 9. Rxa4 Bb7 10. Be2 Nc5 11. Ra2 Nf6 12. O-O Be7 13. Qa1 Qc8 14. b4 Ncd7
15. Nb3 d5 16. exd5 Bxb4 17. Ne4 exd5 18. Nxf6+ Nxf6 19. Bd4 O-O 20. Bd3 Be7
21. Kh1 Qc7 22. Be5 Qb6 23. Nd4 Bc8 24. Rb1 Qd8 25. Nc6 Qd7 26. Qc3 Bd6 27.
Bxf6 gxf6 28. Ra4 Be5 29. Qd2 1-0

[Event "IX Festival Ducale A"]
[Site "Genova ITA"]
[Date "2001.11.23"]
[Round "6"]
[White "Straub, Peter"]
[Black "Caoili, Arianne"]
[Result "0-1"]
[WhiteElo "2087"]
[BlackElo "2257"]
[PlyCount "94"]
[EventDate "2001.11.19"]

1. e4 e5 2. Nf3 Nc6 3. Bb5 a6 4. Ba4 Nf6 5. Qe2 b5 6. Bb3 Bc5 7. c3 O-O 8. O-O
Re8 9. a4 Rb8 10. d3 h6 11. Nbd2 d6 12. Bc2 Bb6 13. axb5 axb5 14. h3 Nh5 15. d4
Bd7 16. Nb3 Qf6 17. Be3 Nf4 18. Bxf4 Qxf4 19. Rfd1 exd4 20. cxd4 Nb4 21. Bb1
Rbd8 22. Qd2 Qxd2 23. Nbxd2 c5 24. Nf1 Bc6 25. d5 Bd7 26. Ne3 g6 27. Nd2 Ra8
28. Bc2 c4 29. Rxa8 Rxa8 30. Bb1 Bd8 31. Nf3 Bf6 32. e5 dxe5 33. Be4 Bg7 34. g4
Ra2 35. Rb1 Na6 36. Nd1 Nc5 37. Nc3 Ra7 38. Nd2 f5 39. Bc2 e4 40. Nd1 Ra2 41.
Kf1 Nd3 42. Bxd3 exd3 43. Ke1 fxg4 44. hxg4 Bxg4 45. Ne4 Bxd1 46. Kxd1 Bxb2 47.
Nd6 c3 0-1

[Event "IX Festival Ducale A"]
[Site "Genova ITA"]
[Date "2001.11.23"]
[Round "6"]
[White "Strazzeri, Marco"]
[Black "Isonzo, David"]
[Result "0-1"]
[WhiteElo "1819"]
[BlackElo "2343"]
[PlyCount "58"]
[EventDate "2001.11.19"]

1. e4 e5 2. Nf3 Nc6 3. Bb5 a6 4. Bxc6 dxc6 5. O-O Bg4 6. d3 Bd6 7. Nbd2 b5 8.
h3 Bh5 9. Qe1 Ne7 10. a4 f6 11. Nh4 O-O 12. b3 Qd7 13. f3 Bf7 14. g4 Bb4 15.
Kh2 Bc3 16. Ra2 c5 17. Nf5 Nc6 18. Ba3 bxa4 19. Bxc5 axb3 20. cxb3 Rfd8 21. g5
fxg5 22. Be3 Nb4 23. Bxg5 Nxa2 24. Qg3 Bg6 25. Ne7+ Kh8 26. Qh4 Bf7 27. Bf6 Qe6
28. Bg5 Rxd3 29. Rg1 Bxd2 0-1

[Event "IX Festival Ducale A"]
[Site "Genova ITA"]
[Date "2001.11.24"]
[Round "7"]
[White "Cantore, Alberto"]
[Black "Massa, Giovanni"]
[Result "0-1"]
[WhiteElo "2146"]
[BlackElo "2109"]
[PlyCount "50"]
[EventDate "2001.11.19"]

1. Nf3 c5 2. c4 e6 3. Nc3 Nc6 4. g3 Nf6 5. Bg2 Be7 6. O-O O-O 7. d4 d5 8. cxd5
exd5 9. b3 Ne4 10. Bb2 Bf6 11. e3 Bg4 12. h3 Bxf3 13. Bxf3 cxd4 14. exd4 Bxd4
15. Rc1 Nxg3 16. Re1 Qg5 17. Rc2 Rad8 18. Kh2 Ne4 19. Rg1 Be5+ 20. Kh1 Qf4 21.
Rg2 Nd4 22. Bxe4 dxe4 23. Rd2 Qh4 24. Qg4 Qxg4 25. hxg4 Nf3 0-1

[Event "IX Festival Ducale A"]
[Site "Genova ITA"]
[Date "2001.11.24"]
[Round "7"]
[White "Capata, Ion"]
[Black "De Santis, Alessio"]
[Result "1-0"]
[WhiteElo "2150"]
[BlackElo "2345"]
[PlyCount "77"]
[EventDate "2001.11.19"]

1. e4 c5 2. c3 d6 3. d4 Nd7 4. Nf3 g6 5. Bd3 Bg7 6. O-O Qc7 7. Bf4 Ngf6 8. Na3
Nh5 9. Qd2 Nxf4 10. Qxf4 O-O 11. h3 a6 12. Nc4 b5 13. Ne3 Bb7 14. Ng4 f6 15.
Qg3 e5 16. d5 c4 17. Bc2 Nc5 18. h4 h5 19. Ne3 Kh7 20. Nd2 Bh6 21. Qf3 Bc8 22.
Kh1 Qe7 23. g3 Bh3 24. Rg1 Rf7 25. Ndf1 Rg8 26. g4 hxg4 27. Nxg4 Bxg4 28. Qxg4
Rfg7 29. Ne3 Kh8 30. Rg3 Bxe3 31. fxe3 Rh7 32. Kg2 Nd3 33. Bxd3 cxd3 34. Rd1 f5
35. exf5 Rxh4 36. Rh1 Rxh1 37. Kxh1 d2 38. Rh3+ Kg7 39. fxg6 1-0

[Event "IX Festival Ducale A"]
[Site "Genova ITA"]
[Date "2001.11.24"]
[Round "7"]
[White "Di Paolo, Raffaele"]
[Black "Efimov, Igor"]
[Result "1/2-1/2"]
[WhiteElo "2326"]
[BlackElo "2467"]
[PlyCount "107"]
[EventDate "2001.11.19"]

1. e4 c6 2. c4 e5 3. Nf3 d6 4. d4 Nd7 5. Nc3 Ngf6 6. Be2 Be7 7. O-O O-O 8. h3
Re8 9. Qc2 Qc7 10. b3 Nf8 11. Bb2 Ng6 12. Rfe1 a6 13. Rac1 Bd7 14. Bf1 Rac8 15.
Qd2 Qb8 16. b4 h6 17. a4 Bd8 18. a5 Bc7 19. dxe5 dxe5 20. c5 Be6 21. Qc2 Nh5
22. Nd1 Nhf4 23. Ne3 Rcd8 24. Rcd1 Qc8 25. Kh2 Kh7 26. Nf5 Nd5 27. Nd6 Nxb4 28.
Qa4 Bxd6 29. cxd6 c5 30. Rd2 Qc6 31. Qd1 f6 32. h4 Rd7 33. h5 Nh8 34. Bxe5 Bg4
35. Bc3 Bxh5 36. Ng5+ fxg5 37. Qxh5 Rxd6 38. Rxd6 Qxd6+ 39. e5 Qf8 40. e6 Nd5
41. Ba1 Ng6 42. Kg1 c4 43. Bxc4 Qb4 44. Qe2 Ndf4 45. Qe4 g4 46. Rd1 Rxe6 47.
Rd7 h5 48. Rxg7+ Kh6 49. Rxg6+ Nxg6 50. Qxe6 Qe1+ 51. Bf1 Qxa1 52. Qe3+ Kh7 53.
Qb6 Kh6 54. Qe3+ 1/2-1/2

[Event "IX Festival Ducale A"]
[Site "Genova ITA"]
[Date "2001.11.24"]
[Round "7"]
[White "Laketic, Gojko"]
[Black "Naumkin, Igor"]
[Result "1-0"]
[WhiteElo "2452"]
[BlackElo "2414"]
[PlyCount "43"]
[EventDate "2001.11.19"]

1. c4 e5 2. Nf3 Nc6 3. Nc3 Nf6 4. g3 d5 5. cxd5 Nxd5 6. Bg2 Nb6 7. O-O Be7 8.
b3 O-O 9. Bb2 f6 10. Rc1 Kh8 11. Ne4 a5 12. d4 exd4 13. Nxd4 Bd7 14. Nc5 Bxc5
15. Rxc5 Nxd4 16. Qxd4 c6 17. Rh5 Be6 18. Be4 Bg8 19. Bxh7 Bxh7 20. Qh4 Kg8 21.
Rxh7 Qd5 22. e4 1-0

[Event "IX Festival Ducale A"]
[Site "Genova ITA"]
[Date "2001.11.24"]
[Round "7"]
[White "Nelli, Luca"]
[Black "Molina, Fabrizio"]
[Result "1-0"]
[WhiteElo "2155"]
[BlackElo "2305"]
[PlyCount "81"]
[EventDate "2001.11.19"]

1. c4 c5 2. Nc3 Nc6 3. g3 g6 4. Bg2 Bg7 5. e3 e5 6. Nge2 Nge7 7. O-O O-O 8. a3
Rb8 9. Rb1 a6 10. b4 cxb4 11. axb4 b5 12. cxb5 axb5 13. d4 exd4 14. Nxd4 Nxd4
15. exd4 Nf5 16. Ne2 Re8 17. d5 Qb6 18. Bb2 Bb7 19. Bxg7 Kxg7 20. Qd3 f6 21.
Rfe1 Re5 22. Nc3 Nd6 23. Rxe5 fxe5 24. Ne4 Nxe4 25. Qxe4 d6 26. Rc1 Rc8 27.
Rxc8 Bxc8 28. h4 Bf5 29. Qe2 Bd7 30. h5 Qd4 31. hxg6 hxg6 32. Qc2 Bf5 33. Qc7+
Kh6 34. Qxd6 Qd1+ 35. Kh2 Qh5+ 36. Kg1 Qd1+ 37. Bf1 Bd3 38. Qf8+ Kg5 39. f4+
Kg4 40. fxe5 Bxf1 41. Qf4+ 1-0

[Event "IX Festival Ducale A"]
[Site "Genova ITA"]
[Date "2001.11.24"]
[Round "7"]
[White "Zemerov, Vladimir"]
[Black "Tedeschi, Paolo"]
[Result "1-0"]
[WhiteElo "2316"]
[BlackElo "2168"]
[PlyCount "57"]
[EventDate "2001.11.19"]

1. Nf3 Nf6 2. c4 c5 3. Nc3 Nc6 4. g3 g6 5. Bg2 Bg7 6. O-O O-O 7. d4 cxd4 8.
Nxd4 Nxd4 9. Qxd4 d6 10. Qd2 Rb8 11. b3 Bd7 12. Bb2 Bc6 13. e4 Qc7 14. Rad1
Rbd8 15. Rfe1 Rfe8 16. Re2 Bd7 17. h3 h5 18. Nd5 Nxd5 19. Bxg7 Kxg7 20. exd5 a5
21. Rde1 e5 22. dxe6 Rxe6 23. Rxe6 fxe6 24. Re3 Rf8 25. Rd3 d5 26. cxd5 exd5
27. Rxd5 Bc6 28. Rd6 Rf7 29. Be4 1-0

[Event "IX Festival Ducale A"]
[Site "Genova ITA"]
[Date "2001.11.24"]
[Round "8"]
[White "Chatalbashev, Boris"]
[Black "Di Paolo, Raffaele"]
[Result "1-0"]
[WhiteElo "2526"]
[BlackElo "2326"]
[PlyCount "57"]
[EventDate "2001.11.19"]

1. d4 Nf6 2. Nf3 d6 3. c4 g6 4. Nc3 Bg7 5. Bg5 h6 6. Bh4 Nbd7 7. e3 O-O 8. Qc2
e5 9. Rd1 exd4 10. Nxd4 Re8 11. Be2 Ne5 12. O-O a6 13. c5 d5 14. b4 c6 15. e4
dxe4 16. Nxc6 Qc7 17. Nd4 Bg4 18. Bxf6 Bxe2 19. Qxe2 Bxf6 20. Nd5 Qd8 21. Qxe4
Bg7 22. Nb3 Rb8 23. f4 Ng4 24. Qf3 h5 25. f5 Be5 26. fxg6 Bxh2+ 27. Kh1 fxg6
28. Qf7+ Kh8 29. Nf4 1-0

[Event "IX Festival Ducale A"]
[Site "Genova ITA"]
[Date "2001.11.24"]
[Round "8"]
[White "Efimov, Igor"]
[Black "Van Hoolandt, Patrick"]
[Result "1-0"]
[WhiteElo "2467"]
[BlackElo "2155"]
[PlyCount "80"]
[EventDate "2001.11.19"]

1. d4 Nf6 2. c4 e6 3. Nc3 Bb4 4. e3 c5 5. Nge2 cxd4 6. exd4 d5 7. a3 Be7 8. Nf4
dxc4 9. Bxc4 O-O 10. O-O a6 11. Be3 Bd6 12. Qf3 Nc6 13. Rad1 Qc7 14. Ba2 Re8
15. h3 Bd7 16. d5 Ne5 17. Qe2 exd5 18. Ncxd5 Nxd5 19. Nxd5 Qd8 20. Rfe1 Bb5 21.
Qh5 Nd3 22. Nc3 Nxe1 23. Bxf7+ Kh8 24. Nxb5 Re5 25. Nxd6 Rxh5 26. Bxh5 Qa5 27.
Bg4 Rf8 28. Bd2 Qd5 29. Bxe1 Qc5 30. Ne4 Qc2 31. Bb4 Re8 32. Nd6 Rb8 33. Bc3 h6
34. Nf5 Kh7 35. Nxg7 Rf8 36. Bd4 Rf7 37. Nh5 Kg6 38. Be3 Rc7 39. Nf4+ Kh7 40.
Rd5 b5 1-0

[Event "IX Festival Ducale A"]
[Site "Genova ITA"]
[Date "2001.11.24"]
[Round "8"]
[White "Georgiev, Vladimir"]
[Black "Paragua, Mark"]
[Result "0-1"]
[WhiteElo "2564"]
[BlackElo "2447"]
[PlyCount "78"]
[EventDate "2001.11.19"]

1. c4 g6 2. Nc3 Bg7 3. g3 e5 4. Bg2 Nc6 5. Rb1 a5 6. a3 d6 7. b4 axb4 8. axb4
Nf6 9. d3 O-O 10. Nf3 h6 11. O-O Re8 12. Nd2 Nd7 13. e3 e4 14. d4 f5 15. Qb3
Nf6 16. Ne2 Kh7 17. Bb2 Bd7 18. Ra1 b5 19. cxb5 Na7 20. d5 Nxb5 21. Nf4 g5 22.
Ne2 Qe7 23. Rfc1 Rxa1 24. Bxa1 Qf7 25. Bxf6 Bxf6 26. g4 fxg4 27. Ng3 h5 28.
Bxe4+ Kh6 29. Qd3 Be5 30. Nc4 Rf8 31. Nh1 Bg7 32. Na5 Qf6 33. Nc6 Bxc6 34. Rxc6
Nc3 35. Rxc7 h4 36. Bg2 Ra8 37. Bf1 Ra1 38. b5 Qf3 39. Rxc3 h3 0-1

[Event "IX Festival Ducale A"]
[Site "Genova ITA"]
[Date "2001.11.24"]
[Round "8"]
[White "Lazic, Miroljub"]
[Black "Laketic, Gojko"]
[Result "0-1"]
[WhiteElo "2449"]
[BlackElo "2452"]
[PlyCount "56"]
[EventDate "2001.11.19"]

1. e4 g6 2. d4 Bg7 3. Nf3 d6 4. Nc3 Nf6 5. Be2 O-O 6. O-O Bg4 7. Be3 Nc6 8. d5
Bxf3 9. Bxf3 Ne5 10. Be2 c6 11. f4 Ned7 12. Bf3 Qc7 13. dxc6 bxc6 14. Qd2 Nb6
15. b3 Rad8 16. Ne2 e5 17. Qa5 exf4 18. Bxf4 Rfe8 19. Ng3 Nfd7 20. Rad1 Ne5 21.
a4 c5 22. Kh1 Qb8 23. Ne2 Nc6 24. Qd2 Nd4 25. Nc3 Be5 26. Nd5 Nxd5 27. Bxe5
dxe5 28. exd5 e4 0-1

[Event "IX Festival Ducale A"]
[Site "Genova ITA"]
[Date "2001.11.24"]
[Round "8"]
[White "Massa, Giovanni"]
[Black "Isonzo, David"]
[Result "0-1"]
[WhiteElo "2109"]
[BlackElo "2343"]
[PlyCount "38"]
[EventDate "2001.11.19"]

1. e4 e5 2. Nf3 Nc6 3. Bb5 Bc5 4. O-O d6 5. c3 Bd7 6. d4 Bb6 7. h3 Nf6 8. Re1
h6 9. Na3 O-O 10. Nc2 Re8 11. Qd3 a6 12. Bxc6 Bxc6 13. d5 Bd7 14. Nh2 c6 15. c4
cxd5 16. cxd5 Rc8 17. Be3 Bb5 18. Bxb6 Bxd3 19. Bxd8 Rexd8 0-1

[Event "IX Festival Ducale A"]
[Site "Genova ITA"]
[Date "2001.11.24"]
[Round "8"]
[White "Molina, Fabrizio"]
[Black "Capata, Ion"]
[Result "1-0"]
[WhiteElo "2305"]
[BlackElo "2150"]
[PlyCount "93"]
[EventDate "2001.11.19"]

1. c4 e5 2. g3 Nf6 3. Bg2 g6 4. Nc3 Bg7 5. e4 Nc6 6. Nge2 O-O 7. O-O d6 8. d3
h6 9. f4 exf4 10. Bxf4 Nh5 11. Be3 Bg4 12. Qc2 Kh7 13. Rf2 Be6 14. b3 Ne5 15.
h3 c5 16. Raf1 Nc6 17. Nd5 Bxd5 18. cxd5 Ne5 19. g4 Nf6 20. g5 Ng8 21. d4 cxd4
22. Nxd4 h5 23. Bf3 Qe7 24. Bxh5 gxh5 25. Qe2 Ng4 26. hxg4 Qxe4 27. Rf4 Qe5 28.
Qd3+ Kh8 29. Nf3 Qb2 30. gxh5 Rae8 31. Bd4 Bxd4+ 32. Qxd4+ Qxd4+ 33. Nxd4 Re5
34. Ne6 fxe6 35. Rxf8 Rxg5+ 36. Kf2 Rxd5 37. Rg1 Rf5+ 38. Rxf5 exf5 39. Rg6 d5
40. Rd6 Kg7 41. Rxd5 Nf6 42. Rxf5 Ne4+ 43. Ke3 Nc3 44. a4 a6 45. Kd3 Na2 46.
Kc4 b6 47. Rf2 1-0

[Event "IX Festival Ducale A"]
[Site "Genova ITA"]
[Date "2001.11.24"]
[Round "8"]
[White "Naumkin, Igor"]
[Black "Zemerov, Vladimir"]
[Result "1-0"]
[WhiteElo "2414"]
[BlackElo "2316"]
[PlyCount "49"]
[EventDate "2001.11.19"]

1. d4 Nf6 2. Nf3 d5 3. c4 e6 4. Nc3 Bb4 5. cxd5 exd5 6. Bg5 h6 7. Bh4 g5 8. Bg3
Ne4 9. Nd2 Nxc3 10. bxc3 Bxc3 11. Rc1 Ba5 12. h4 g4 13. e3 Bf5 14. Be2 Rg8 15.
O-O c6 16. Nb3 Bb6 17. Bd3 Qf6 18. Re1 Be4 19. a4 a5 20. Bxe4 dxe4 21. Nd2 Qe7
22. Rb1 Bd8 23. Nc4 Rg6 24. h5 Re6 25. d5 1-0

[Event "IX Festival Ducale A"]
[Site "Genova ITA"]
[Date "2001.11.24"]
[Round "8"]
[White "Nelli, Luca"]
[Black "Mrdja, Milan"]
[Result "0-1"]
[WhiteElo "2155"]
[BlackElo "2380"]
[PlyCount "72"]
[EventDate "2001.11.19"]

1. c4 g6 2. Nc3 Bg7 3. g3 c5 4. Bg2 Nc6 5. e3 Nh6 6. Nge2 Nf5 7. a3 d6 8. Rb1
a5 9. b3 h5 10. h3 e5 11. Bb2 h4 12. g4 Nfe7 13. Nd5 f5 14. Nec3 Nxd5 15. Nxd5
O-O 16. O-O fxg4 17. hxg4 Qg5 18. f3 Rb8 19. a4 Be6 20. Nc3 Nb4 21. Qe2 Rf7 22.
d3 d5 23. Rbe1 Rd8 24. Rd1 Rfd7 25. e4 h3 26. Bxh3 dxc4 27. dxc4 Qh6 28. Bg2
Nd3 29. Nd5 Bxd5 30. exd5 Nxb2 31. Qxb2 e4 32. Qe2 Be5 33. Bh1 Rh7 34. Kf2 Qh2+
35. Ke1 Bc3+ 36. Rd2 Qxe2+ 0-1

[Event "IX Festival Ducale A"]
[Site "Genova ITA"]
[Date "2001.11.24"]
[Round "8"]
[White "Outioupine, Vladimir"]
[Black "Scalcione, Michelangelo"]
[Result "0-1"]
[WhiteElo "2151"]
[BlackElo "2292"]
[PlyCount "86"]
[EventDate "2001.11.19"]

1. d4 Nf6 2. Nf3 g6 3. Bf4 Bg7 4. e3 d6 5. Bc4 O-O 6. Nbd2 c5 7. c3 b6 8. O-O
Bb7 9. Re1 Nbd7 10. Qb3 h6 11. h3 Qe8 12. Bh2 e5 13. Red1 Qe7 14. dxc5 Nxc5 15.
Qb4 Rfd8 16. Be2 Nfd7 17. Nb3 a5 18. Qa3 a4 19. Nxc5 bxc5 20. c4 Ra6 21. Rd2 e4
22. Ne1 Ne5 23. Rad1 Rb6 24. Rb1 Rb4 25. b3 axb3 26. axb3 Ra8 27. Qc1 h5 28.
Nc2 Rb6 29. Na3 Rba6 30. Nc2 Ra2 31. Ne1 Ra1 32. Nc2 R1a6 33. Bf4 Nd3 34. Qd1
Ra2 35. Ne1 Nxf4 36. exf4 e3 37. Rxa2 exf2+ 38. Kxf2 Rxa2 39. Nf3 Be4 40. Rc1
Bb2 41. Rb1 Bxf3 42. Kxf3 Bd4 43. Qd3 Rc2 0-1

[Event "IX Festival Ducale A"]
[Site "Genova ITA"]
[Date "2001.11.25"]
[Round "9"]
[White "Dergatchov, Alexander"]
[Black "De Santis, Alessio"]
[Result "1-0"]
[WhiteElo "2083"]
[BlackElo "2345"]
[PlyCount "87"]
[EventDate "2001.11.19"]

1. e4 c5 2. Nc3 e6 3. f4 a6 4. Nf3 Qc7 5. d3 b5 6. g4 Bb7 7. Bg2 Nc6 8. Rf1 b4
9. Ne2 Be7 10. Ng3 h6 11. Be3 Nf6 12. Nd2 g6 13. c3 a5 14. c4 a4 15. e5 Nh7 16.
Nde4 Nd4 17. Bxd4 cxd4 18. Qd2 Bxe4 19. Nxe4 Bh4+ 20. Ke2 Rb8 21. Nd6+ Kf8 22.
Rf3 Nf6 23. h3 Ne8 24. Nb5 Qc5 25. a3 bxa3 26. Rxa3 Rxb5 27. cxb5 Qxb5 28. Qc2
d6 29. Rf1 dxe5 30. Bc6 Qb8 31. Rxa4 exf4 32. Ra8 Qe5+ 33. Kd1 Ke7 34. Qa4 f3
35. Rxf3 f5 36. gxf5 gxf5 37. Bxe8 Qe1+ 38. Kc2 Qe2+ 39. Kb3 Qxf3 40. Qd7+ Kf6
41. Qd8+ Kg7 42. Ra7+ Kf8 43. Qd6+ Kxe8 44. Qxe6+ 1-0

[Event "IX Festival Ducale A"]
[Site "Genova ITA"]
[Date "2001.11.25"]
[Round "9"]
[White "Di Paolo, Raffaele"]
[Black "Caoili, Arianne"]
[Result "0-1"]
[WhiteElo "2326"]
[BlackElo "2257"]
[PlyCount "38"]
[EventDate "2001.11.19"]

1. e4 c5 2. Nf3 e6 3. d4 cxd4 4. Nxd4 Nf6 5. Nc3 d6 6. Be3 a6 7. Bc4 b5 8. Bb3
b4 9. Na4 Qc7 10. O-O Nxe4 11. f4 d5 12. f5 Bd6 13. Nf3 Nd7 14. Qd4 Ndf6 15.
Nb6 Rb8 16. Ba4+ Kf8 17. fxe6 Bxe6 18. Rac1 Bc5 19. Nxd5 Bxd5 0-1

[Event "IX Festival Ducale A"]
[Site "Genova ITA"]
[Date "2001.11.25"]
[Round "9"]
[White "Efimov, Igor"]
[Black "Georgiev, Vladimir"]
[Result "0-1"]
[WhiteElo "2467"]
[BlackElo "2564"]
[PlyCount "74"]
[EventDate "2001.11.19"]

1. e4 c5 2. Nf3 Nc6 3. d4 cxd4 4. Nxd4 Nf6 5. Nc3 d6 6. Bg5 Qb6 7. Nb3 e6 8.
Qe2 a6 9. O-O-O Qa7 10. g4 h6 11. Be3 b5 12. f3 Bb7 13. Qf2 Be7 14. Kb1 Nd7 15.
h4 Nce5 16. Rh2 b4 17. Ne2 Nc4 18. Bc1 Rc8 19. Nf4 Qb6 20. Qg3 a5 21. g5 hxg5
22. hxg5 Rxh2 23. Qxh2 g6 24. Bh3 Ne3 25. Bxe3 Qxe3 26. Nxa5 Ba6 27. Bf1 Qxf3
28. Be2 Bxe2 29. Nxe2 Qxe4 30. Nd4 Rc5 31. Nab3 Rxg5 32. Qd2 d5 33. Re1 Qg2 34.
Qd3 Qf2 35. Nf3 Rg4 36. Nbd4 Rxd4 37. Qxd4 Qxf3 0-1

[Event "IX Festival Ducale A"]
[Site "Genova ITA"]
[Date "2001.11.25"]
[Round "9"]
[White "Laketic, Gojko"]
[Black "Chatalbashev, Boris"]
[Result "1/2-1/2"]
[WhiteElo "2452"]
[BlackElo "2526"]
[PlyCount "65"]
[EventDate "2001.11.19"]

1. d4 Nf6 2. Nf3 c5 3. c3 e6 4. g3 b6 5. Bg2 Bb7 6. O-O Be7 7. Nbd2 O-O 8. Re1
cxd4 9. cxd4 Nc6 10. Nc4 Rc8 11. Bg5 d6 12. Rc1 h6 13. Bxf6 Bxf6 14. e3 b5 15.
Ncd2 Qb6 16. Ne4 Be7 17. Nc3 d5 18. Bf1 a6 19. Bd3 g6 20. Ne2 Bf6 21. Nf4 Rc7
22. Re2 Rfc8 23. Rec2 a5 24. h4 b4 25. Rc5 Ne7 26. Rxc7 Rxc7 27. Rxc7 Qxc7 28.
Qc2 Qxc2 29. Bxc2 Nc8 30. Nd3 Nd6 31. Nc5 Bc6 32. Ba4 Bxa4 33. Nxa4 1/2-1/2

[Event "IX Festival Ducale A"]
[Site "Genova ITA"]
[Date "2001.11.25"]
[Round "9"]
[White "Paragua, Mark"]
[Black "Naumkin, Igor"]
[Result "1/2-1/2"]
[WhiteElo "2447"]
[BlackElo "2414"]
[PlyCount "103"]
[EventDate "2001.11.19"]

1. e4 e6 2. d3 d5 3. Qe2 Nf6 4. Nf3 Be7 5. g3 O-O 6. Bg2 c5 7. O-O Nc6 8. e5
Ne8 9. c4 Nc7 10. b3 b5 11. Rd1 Bb7 12. h4 Qd7 13. Nc3 a6 14. cxd5 exd5 15. d4
cxd4 16. Nxd4 Nxd4 17. Rxd4 Ne6 18. Rd1 d4 19. Ne4 Rfd8 20. Bb2 Rac8 21. Rd3 a5
22. f4 g6 23. h5 b4 24. hxg6 hxg6 25. Rf1 Ba6 26. f5 Bxd3 27. Qxd3 gxf5 28.
Rxf5 Ng7 29. Rf2 Qg4 30. Rf4 Qg6 31. Qd1 Qh5 32. Rg4 Qxe5 33. Nf2 Rc3 34. Re4
Qc5 35. Nd3 Qg5 36. Qf3 Rc2 37. Bxd4 Rxd4 38. Rxd4 Bc5 39. Nxc5 Qxc5 40. Qa8+
Kh7 41. Qe4+ Nf5 42. Kh2 Rxg2+ 43. Kxg2 Qxd4 44. Qxf5+ Kg7 45. Qg5+ Kf8 46.
Qxa5 Qe4+ 47. Kf2 Qd4+ 48. Kf3 Qd3+ 49. Kf4 Qd4+ 50. Kf3 Qd3+ 51. Kf4 Qd4+ 52.
Kf3 1/2-1/2

[Event "IX Festival Ducale A"]
[Site "Genova ITA"]
[Date "2001.11.25"]
[Round "9"]
[White "Straub, Peter"]
[Black "Molina, Fabrizio"]
[Result "0-1"]
[WhiteElo "2087"]
[BlackElo "2305"]
[PlyCount "132"]
[EventDate "2001.11.19"]

1. e4 e6 2. Qe2 c5 3. Nf3 Nc6 4. d3 d6 5. g3 g6 6. Bg2 Bg7 7. c3 Nge7 8. Be3
Rb8 9. Nbd2 O-O 10. O-O b6 11. d4 cxd4 12. Nxd4 Rb7 13. N2b3 Rd7 14. Rad1 Bb7
15. Rd2 Qc8 16. Nxc6 Nxc6 17. Rfd1 Ba6 18. Qe1 Ne5 19. Bd4 Nc4 20. Bxg7 Kxg7
21. Rc2 Rc7 22. Nd2 Ne5 23. Nf3 Nc4 24. Nd2 Na5 25. Nb3 Nb7 26. Bf1 Bc4 27.
Bxc4 Rxc4 28. Nd2 Rc5 29. Qe2 Rh5 30. Nc4 Qc6 31. Rcd2 Rd8 32. f3 Rc5 33. Ne3
h5 34. c4 a5 35. a3 a4 36. Rd4 Na5 37. Qd3 Nb7 38. f4 b5 39. cxb5 Rxb5 40. Rxa4
Nc5 41. Qc3+ Kg8 42. Rb4 Qb7 43. Rdd4 Rb8 44. Rxb5 Qxb5 45. b4 e5 46. Rd5 exf4
47. gxf4 Qe2 48. bxc5 Rb1+ 49. Nd1 Qg4+ 50. Kf2 Qxf4+ 51. Qf3 Qxh2+ 52. Qg2
Qh4+ 53. Ke2 dxc5 54. Rxc5 Ra1 55. Rc2 Rxa3 56. Ne3 Ra1 57. Rc8+ Kh7 58. Kd3
Qf6 59. Nd5 Qa6+ 60. Rc4 Rd1+ 61. Kc2 Qa2+ 62. Kxd1 Qxg2 63. Rc2 Qh1+ 64. Kd2
Kg7 65. Ke3 Qg1+ 66. Rf2 h4 0-1